000 01335nam a2200385 i 4500
001 23385491
005 20250904223908.0
008 240216s2024 nyu d 000 1 eng d
010 _a 2023037589
020 _a9781250894892 :
_c$20.39
040 _aJLGCP
_beng
_erda
050 0 0 _aPZ7.1.A4295
_bBad 2024
082 0 0 _a[Fic]
_223
092 _aFIC ALB
100 1 _aAlbert, Melissa,
_eauthor.
245 1 4 _aThe bad ones /
_cMelissa Albert.
250 _aFirst edition.
264 1 _aNew York :
_bFlatiron Books,
_c2024.
300 _a384 pages ;
_c22 cm
336 _atext
_btxt
_2rdacontent
337 _aunmediated
_bn
_2rdamedia
338 _avolume
_bnc
_2rdacarrier
510 3 _aJunior Library Guild
520 _aTeenage Nora uncovers dangerous secrets and eerie local lore surrounding disappearances in her small town, where a teacher and three high school students, including her best friend, go missing.
521 1 _aAges 15 & Up.
521 2 _aGrades 10 & Up.
586 _aA Junior Library Guild selection (JLG)
650 0 _aBest friends
_vJuvenile fiction.
650 0 _aFriendship
_vJuvenile fiction.
650 0 _aMissing persons
_vJuvenile fiction.
650 0 _aSupernatural
_vJuvenile fiction.
_9369
650 0 _aHorror stories.
852 _9$20.39
942 _cBK
999 _c128775
_d128775